00562nam a2200193Ia 4500008004100000020001800041082000800059100002400067245004000091250000600131260003300137300001700170500002400187650001000211700003300221942000700254952009000261999001700351230524s9999 xx 000 0 und d a9788126531205 bWES aHarry H.West942811 0aFundamentals of Structural Analysis a2 aNew DelhibWiley Indiac2011 a"XVII,561p;" aQuantity Number: 1 aCivil a Louis F.Geschwindner942812 cBK 00104070aTATCLbTATCLcGENd2023-05-24l0o WESp54098r2023-05-24w2023-05-24yBK c57785d57785